Louis célèbres - Statistiques

Statistiques générales
  • Ce quiz a été pris 9 443 fois
    9 123 depuis la dernière actualisation
  • Le résultat moyen est 9 sur 15
Statistiques - réponses
Indice Réponse % Correct
Surnommé le "Roi Soleil" Louis XIV
96%
A mis au point le vaccin contre la rage Louis Pasteur
93%
Joue le rôle de Harpagon en 1980 Louis De Funès
90%
Célèbre jazzman américain Louis Armstrong
83%
Avec son frère il a aidé à mettre au point la cinématographie Louis Lumière
83%
Il a facilité la lecture pour les personnes aveugles Louis Braille
81%
Fondateur d'une célèbre marque automobile française Louis Renault
80%
Fondateur d'une célèbre marque de maroquinerie de France Louis Vuitton
69%
Chanteur, père de M Louis Chédid
56%
Ancien guitariste de Téléphone Louis Bertignac
54%
Poète surréaliste français, tombé sous le charme des yeux d'Elsa Louis Aragon
40%
Préfet de police à l'origine de la Police judiciaire et d'un concours d'inventions Louis Lépine
38%
Maire RN de Perpignan et ancien compagnon de Marine Le Pen Louis Aliot
33%
Également fondateur d'une marque automobile, américaine cette fois-ci Louis Chevrolet
32%
Célèbre éditeur, sa maison d'édition est toujours active Louis Hachette
20%
Aucun quiz correspondant
Distribution des résultats
% des personnes avec chaque résultat
Percentile par nombre de réponses
Votre historique - résultats
Vous n’avez pas pris ce quiz depuis la dernière actualisation